Green profits, the manager's handbook for iso 14001 and pollution prevention (Record no. 568599)
[ view plain ]
| 000 -LEADER | |
|---|---|
| fixed length control field | 00602nam a22001817a 4500 |
| 003 - CONTROL NUMBER IDENTIFIER | |
| control field | CEME |
| 005 - DATE AND TIME OF LATEST TRANSACTION | |
| control field | 20210628202132.0 |
| 008 - FIXED-LENGTH DATA ELEMENTS--GENERAL INFORMATION | |
| fixed length control field | 210225b xxu||||| |||| 00| 0 eng d |
| 020 ## - INTERNATIONAL STANDARD BOOK NUMBER | |
| International Standard Book Number | 0-7506-7401-6 |
| 040 ## - CATALOGING SOURCE | |
| Transcribing agency | . |
| 082 ## - DEWEY DECIMAL CLASSIFICATION NUMBER | |
| Classification number | 658.408 CHE |
| 100 ## - MAIN ENTRY--PERSONAL NAME | |
| Personal name | Bendavid-Val, Avrom Cheremisinoff, Nicholas P |
| 9 (RLIN) | 58398 |
| 245 ## - TITLE STATEMENT | |
| Title | Green profits, the manager's handbook for iso 14001 and pollution prevention |
| 260 ## - PUBLICATION, DISTRIBUTION, ETC. | |
| Place of publication, distribution, etc. | BOSTON |
| Name of publisher, distributor, etc. | BUTTERWORTH |
| Date of publication, distribution, etc. | 2001 |
| 300 ## - PHYSICAL DESCRIPTION | |
| Extent | XIX,380P |
| 650 ## - SUBJECT ADDED ENTRY--TOPICAL TERM | |
| Topical term or geographic name entry element | ISO 14000 SERIES STANDARDS MANUFACTURING INDUSTRIES-ENVIROMENTAL ASPECTS POLLUTION PREVENTION |
| 9 (RLIN) | 58399 |
| 942 ## - ADDED ENTRY ELEMENTS (KOHA) | |
| Koha item type | Book |
| Source of classification or shelving scheme | |
| Withdrawn status | Lost status | Damaged status | Not for loan | Permanent Location | Current Location | Shelving location | Date acquired | Total Checkouts | Full call number | Barcode | Date last seen | Price effective from | Koha item type |
|---|---|---|---|---|---|---|---|---|---|---|---|---|---|
| College of Electrical & Mechanical Engineering (CEME) | College of Electrical & Mechanical Engineering (CEME) | General Stacks | 07/17/2017 | 658.408 CHE | CEME-35575 | 06/28/2021 | 06/28/2021 | Book |
